000 00532nam a2200229Ia 4500
001 16374
003 GE_BSU
008 181216s||||||||xx |||||||||||||| ||und||
020 _a9780071638371
040 _cGE_BSU
080 _a624.1.821
100 _aWilliams Alan.
245 _aSteel Strucrures Design
245 _bsponsoring editor:Joy E.Bramble
260 _aNew York
260 _bMc Graw-Hill
260 _c2011
300 _a546p;ill;24cm.
541 _h150Gel.
653 _aSteel Strucrures Design
942 _cBK
999 _c49451
_d49451